Faculty of Law Library — Cairo University

Official Online Catalog

Customary International Humanitarian Law / (Record no. 57313)

MARC details
000 -LEADER
fixed length control field 01027nam a2200313 i 4500
003 - CONTROL NUMBER IDENTIFIER
control field EG-GICUC
005 - DATE AND TIME OF LATEST TRANSACTION
control field 20260121101731.0
008 - FIXED-LENGTH DATA ELEMENTS--GENERAL INFORMATION
fixed length control field 260117s2005 uk ||||fr ||| 00| 0 eng d
020 ## - INTERNATIONAL STANDARD BOOK NUMBER
International Standard Book Number 0521839378
040 ## - CATALOGING SOURCE
Original cataloging agency EG-GICUC
Transcribing agency EG-GICUC
Modifying agency EG-GICUC
Description conventions rda
Language of cataloging eng
041 0# - LANGUAGE CODE
Language code of text/sound track or separate title eng
082 04 - DEWEY DECIMAL CLASSIFICATION NUMBER
Edition number 21
Classification number 341.48
Item number HE . C
092 04 - LOCALLY ASSIGNED DEWEY CALL NUMBER (OCLC)
Edition number 21
099 ## - LOCAL FREE-TEXT CALL NUMBER (OCLC)
Classification number Law1 11 341.48 HE . C 2005
100 1# - MAIN ENTRY--PERSONAL NAME
Personal name Henckaerts,Jean-Marie
Relator term Author.
245 12 - TITLE STATEMENT
Title Customary International Humanitarian Law /
Number of part/section of a work Volume 2:
Name of part/section of a work Practice.
Statement of responsibility, etc. Jean-Marie Henckaerts .
264 #0 - PRODUCTION, PUBLICATION, DISTRIBUTION, MANUFACTURE, AND COPYRIGHT NOTICE
Place of production, publication, distribution, manufacture United Kingdom :
Name of producer, publisher, distributor, manufacturer International Committee Of The Red Cross ,
Date of production, publication, distribution, manufacture, or copyright notice 2005 .
300 ## - PHYSICAL DESCRIPTION
Extent 1982 Pages;
Dimensions 30 cm.
Other physical details illustrations,
336 ## - CONTENT TYPE
Content type term text
Source rda content
337 ## - MEDIA TYPE
Media type term Computer
Source rda media
338 ## - CARRIER TYPE
Carrier type term Online Resource
Source rda carrier
546 ## - LANGUAGE NOTE
Language note Text in English
650 04 - SUBJECT ADDED ENTRY--TOPICAL TERM
Topical term or geographic name entry element Public international law
650 04 - SUBJECT ADDED ENTRY--TOPICAL TERM
Topical term or geographic name entry element Human Rights
700 1# - ADDED ENTRY--PERSONAL NAME
Personal name Beck,Louise Doswals
Relator term Author.
856 ## - ELECTRONIC LOCATION AND ACCESS
Uniform Resource Identifier <a href="https://fll.law.cu.edu.eg/fulltext/th/B11-06823.pdf">https://fll.law.cu.edu.eg/fulltext/th/B11-06823.pdf</a>
905 ## - Cataloger and Reviser Names
Cataloger Name: Logain Ashraf
942 ## - ADDED ENTRY ELEMENTS (KOHA)
Source of classification or shelving scheme Dewey Decimal Classification
Koha item type Books
Edition 21
Suppress in OPAC No
Holdings
Withdrawn status Lost status Source of classification or shelving scheme Materials specified (bound volume or other part) Damaged status Not for loan Collection Home library Current library Date acquired Total checkouts Full call number Barcode Date last seen Copy number Price effective from Koha item type
    Dewey Decimal Classification V2   Not for loan القانون الدولي العام جــــامعة القــاهرة مكتبة كلية الحقوق - المبنى الرئيسي 17.01.2026   Law1 11 341.48 HE . C 2005 1106823 C1 B11-06823 17.01.2026 1 17.01.2026 Books

© All rights reserved — Faculty of Law, Cairo University